| 000 | 01069nam a2200229Ia 4500 | ||
|---|---|---|---|
| 999 |
_c39749 _d39749 |
||
| 001 | 6354 | ||
| 003 | GE_BSU | ||
| 005 | 20191120172850.0 | ||
| 008 | 181216s1976||||ge |||||||||||||| ||geo|| | ||
| 040 | _cGE_BSU | ||
| 041 | _ageo | ||
| 080 | _a811.353.1'01'36 შ-21 | ||
| 100 |
_aშანიძე, აკაკი _95491 |
||
| 245 |
_aძველი ქართული ენის გრამატიკა / _cრედ. ი.იმნაიშვილი. |
||
| 264 |
_aთბილისი : _bთბილისის უნ-ტის გამ-ბა, _c1976. |
||
| 300 |
_a187 გვ.; _b27 სმ. |
||
| 490 |
_aძველი ქართული ენის კათედრის შრომები _v18 |
||
| 653 | _aძველი ქართული ენის გრამატიკა | ||
| 700 |
_aიმნაიშვილი, ი. _eრედაქტორი _95492 |
||
| 856 |
_uhttps://pdfslide.net/documents/-55cf8f18550346703b98ed7e.html _yელექტრონული ვერსია, pdf |
||
| 942 |
_cBK _2udc |
||